[Event "Montenegro Festival-01 IM 2021"]
[Site "Niksic"]
[Date "2021.02.28"]
[Round "4.5"]
[White "Kovacevic, Nikola"]
[Black "Alivodic, Dario"]
[Result "1-0"]
[WhiteElo "2022"]
[BlackElo "2189"]
[Annotator "TA"]
[PlyCount "74"]
[EventDate "2021.02.26"]
[EventType "tourn"]
[EventCountry "MNE"]
[SourceTitle "playchess.com"]
[Source "ChessBase"]
[SourceQuality "1"]

{[%evp 22,74,-35,-43,-44,-50,-43,-64,-66,-73,-65,-50,-25,-42,-46,-44,292,308,29986,29987,29987,14,10,-119,-118,-118,-108,-127,195,-200,-203,-407,-429,-534,-603,-660,-631,-639,-615,-693,-691,-804,-802,-969,-962,-996,-968,-1299,-1277,-1443,-1359,-2053,-1973,-29982,-29978]} 1. e4 e6 2. d3 d5 3. Nd2 c5 4. Ngf3 Nc6 5. g3 Nf6 6. Qe2 Be7 7. Bg2 O-O 8. O-O Qc7 9. Re1 b5 10. h4 Bb7 11. e5 Nd7 12. Nf1 Rfc8 {C00: French: Unusual White 2nd moves.} 13. Bf4 a5 {[%cal Ba7a5,Ba5a4,Ba4a3][%mdl 32]} 14. N1h2 a4 {Black is slightly better.} 15. Ng4 {[#]} a3 $146 ({Predecessor:} 15... Bf8 16. h5 h6 17. Rac1 a3 18. b3 b4 19. Qd2 Qd8 20. Ne3 Nd4 21. Nxd4 cxd4 {½-½ (61) Kokoszczynski,J (2231)-Nowak,M (2279) Ustron 2020}) 16. b3 Nd4 17. Nxd4 cxd4 18. Nf6+ gxf6 $2 {[%mdl 8192]} (18... Kh8 $15 {stays ahead.} 19. Nxd5 Qc6 {[%mdl 64] Pin}) 19. exf6 $18 {[%mdl 64] Discovered Attack} Bd6 $2 (19... Bxf6 $18 20. Qg4+ Kh8) 20. Qg4+ Kf8 {[#]} 21. Bh6+ $2 (21. Rxe6 $1 {[%mdl 512] mates} fxe6 22. Qxe6 {[%mdl 64] Double Attack} Nxf6 23. Bh6+ Qg7 24. Qxf6+ {[%mdl 64] Double Attack, Pin} Ke8 25. Bxg7 Kd7 26. Qf7+ {[%mdl 64] Double Attack} Kc6 27. Bxd4) 21... Ke8 $11 22. Rxe6+ fxe6 $17 23. Qxe6+ Kd8 {Threatens to win with ...Nf8.} 24. Qg8+ {[#]} Nf8 $1 {[%mdl 8192]} 25. Bh3 $4 {[%mdl 8192] [#]} (25. Bxf8 $18 {is the narrow road to win.} Bxf8 26. Re1 (26. Qxf8+ Kd7 $11)) 25... Qc5 $1 $19 {White must now prevent ...Rc6.} ({Avoid the trap} 25... Qxc2 $2 26. Bxf8 Bxf8 27. Qxf8+ Kc7 28. Bxc8 $18) 26. Bxf8 $2 (26. Re1 {keeps fighting.} Kc7 27. Bxc8 Rxc8 28. Qf7+ Nd7 29. Qxh7) 26... Bxf8 27. Qxh7 {[%csl Gh3][%cal Rh7d7]} Rc7 28. Qh5 Bc8 29. Re1 {[%csl Ge1][%cal Rh5e8]} Qc6 30. Bg2 Be6 31. g4 Bf7 {[%mdl 64] Discovered Attack} 32. Qh8 Kd7 33. Qh7 Qxf6 34. Bxd5 Re8 35. Rxe8 Kxe8 36. Qe4+ Re7 37. Bc6+ Kd8 {[%mdl 32768] What a bad dream for White.  Weighted Error Value: White=0.99/Black=1.01. Sensor Board Error (Ke4/e5)?} 1-0

[Event "Montenegro Festival-01 IM 2021"]
[Site "Niksic"]
[Date "2021.02.28"]
[Round "5.1"]
[White "Alivodic, Dario"]
[Black "Nikcevic, Nebojsa"]
[Result "0-1"]
[WhiteElo "2189"]
[BlackElo "2412"]
[Annotator "TA"]
[PlyCount "68"]
[EventDate "2021.02.26"]
[EventType "tourn"]
[EventCountry "MNE"]
[SourceTitle "playchess.com"]
[Source "ChessBase"]
[SourceQuality "1"]

{[%evp 13,68,-38,4,-28,-26,-27,8,0,27,22,30,40,40,40,40,29,33,16,22,-58,-55,-66,-73,-296,-303,-294,-210,-376,-303,-374,-369,-548,-566,-547,-578,-553,-588,-934,-919,-911,-911,-1530,-1254,-2034,-2044,-5343,-3032,-29985,-29986,-29986,-29987,-29995,-29996,-29996,-29997,-29998,-29999]} 1. d4 Nf6 2. c4 e6 3. Nc3 Bb4 4. a3 Bxc3+ 5. bxc3 b6 6. f3 Nc6 7. e4 Ba6 {7...d6 is more advanced technology.} 8. Bd3 {E24: Nimzo-Indian: Sämisch: Unusual Black 5th moves and 5...c5 sidelines.} Na5 9. Qe2 d6 10. f4 {The position is equal.} Qd7 11. Nf3 Qa4 {[%cal Ra6c4]} 12. e5 Nd7 {[%cal Ra6c4]} 13. Nd2 {[#]} O-O $146 ({Predecessor:} 13... O-O-O 14. O-O Kb8 15. Rb1 Qc6 16. a4 f6 17. exd6 cxd6 18. Ba3 Rhe8 19. Bb4 Nb7 20. Bxh7 {1-0 (44) Kobo,O (2484)-Kalogridakis,T (2098) Paleochora 2019}) 14. O-O Rae8 15. Rf3 f5 16. exf6 (16. Rf2 $11) 16... Nxf6 $15 17. Rh3 d5 {[%cal Rd5c4]} 18. g4 $2 {Loses the game.} (18. Rb1 $17 {might work better.}) 18... dxc4 $19 (18... Nxc4 19. g5 $11) 19. Bb1 {White wants to play g5.} Nb3 20. Qd1 (20. Nxb3 {was the only defense.} cxb3 21. Bd3 Bxd3 22. Qxd3) 20... Qc6 21. Ra2 Nxd2 ({Much less strong is} 21... Bb7 22. Nf3 $19) 22. Rxd2 (22. Qxd2 $142 Bb7 23. Qg2) 22... Bb7 {aiming for ...Qh1+.} 23. d5 exd5 {Hoping for ...d4!} 24. Rd4 Qe6 25. Bd2 c5 26. Bf5 Qe2 ({Not} 26... cxd4 27. Bxe6+ Rxe6 28. f5 $17) 27. Qc2 h6 28. g5 cxd4 29. gxf6 d3 {[%mdl 64] [#] Zwischenzug} 30. Rg3 Rxf6 {Black mates.} ({Weaker is} 30... dxc2 31. Rxg7+ Kh8 32. Rh7+ Kg8 33. Rg7+ Kh8 34. Rh7+ Kg8 35. Rg7+ $11) 31. Qa4 Rxf5 32. Qd7 Qd1+ 33. Kg2 Re2+ {[%mdl 64] [#] Double Attack} 34. Kh3 Rh5+ {Weighted Error Value: White=1.09/Black=0.22} 0-1

[Event "Montenegro Festival-01 IM 2021"]
[Site "Niksic"]
[Date "2021.02.28"]
[Round "5.2"]
[White "Arapovic, Vitomir"]
[Black "Kovacevic, Nikola"]
[Result "1-0"]
[WhiteElo "2295"]
[BlackElo "2022"]
[Annotator "TA"]
[PlyCount "91"]
[EventDate "2021.02.26"]
[EventType "tourn"]
[EventCountry "MNE"]
[SourceTitle "playchess.com"]
[Source "ChessBase"]
[SourceQuality "1"]

{[%evp 9,91,0,14,8,10,9,84,8,8,0,16,0,20,8,31,33,90,16,23,6,40,0,0,-84,-69,-186,-174,-155,-145,-113,88,85,87,-40,-25,-196,-30,-65,-13,-12,0,0,0,0,169,173,164,9,169,174,179,154,186,112,105,112,104,113,120,114,116,116,105,104,298,272,501,491,803,750,1602,1498,1830,1777,2720,2245,12842,12843,12843,12843,12844,12844,12845,12845]} 1. e4 c5 2. Nf3 d6 3. c3 Nf6 4. Bd3 Nc6 5. Bc2 e5 6. O-O {B50: Sicilian: 2...d6, Miscellaneous.} Be7 7. d4 Qc7 (7... cxd4 $11 8. cxd4 Bg4) 8. dxc5 ({Better is} 8. d5 $16) 8... dxc5 $11 {[#]} 9. a4 $146 ({Predecessor:} 9. h3 O-O 10. Bg5 Re8 11. Nbd2 a6 12. Qe2 Be6 13. Rfd1 h6 14. Bxf6 Bxf6 15. Bb3 {1-0 (50) Bibasa,B (2189)-Wanyama,H (2141) Kampala 2012}) 9... Bg4 10. h3 Bd7 11. Nbd2 O-O-O 12. Qe2 g5 ({Black should play} 12... Nh5 $14) 13. Nc4 (13. Nxg5 $16 Rhg8 14. Nc4 (14. Nxf7 Bxh3 15. Kh2 Bxg2 $14)) 13... g4 14. hxg4 Bxg4 15. Ne3 h5 16. Nf5 (16. Bb3 $11 {remains equal.}) 16... Rdg8 $17 17. Qe3 (17. N5h4 $15) 17... Bxf5 $19 18. exf5 e4 19. Bxe4 Ng4 $2 {[#]} (19... h4 $17 {and life is bright. ...h3 is the strong threat.} 20. Nd2 Ne5) 20. Qe2 $1 $16 Bd6 21. Bxc6 (21. Re1 $16) 21... Qxc6 22. Nh4 $2 (22. Rd1 $11) 22... Qc7 $2 (22... Bh2+ $19 23. Kh1 Bc7) 23. Rd1 Bh2+ (23... Re8 $15 24. Qf3 Ne5) 24. Kf1 $1 $11 Nxf2 25. Qxf2 {And now f6 would win.} Bg3 26. Qf3 {Black must now prevent f6.} Bxh4 (26... Rg4 $11 {and Black has nothing to worry.}) 27. Bf4 $36 {[%mdl 2048] Black is under strong pressure.} Qc6 28. Qxc6+ bxc6 {[#]} 29. Rd6 $1 Kb7 30. Rd7+ Ka6 31. Be3 (31. Rxf7 $6 Rf8 $14) ({White should try} 31. Rad1 $18) 31... Rd8 $16 32. Rad1 ({Resist} 32. Rxf7 Rhf8 $14) 32... Rxd7 33. Rxd7 {[%mdl 4096] Endgame KRB-KRB} Re8 34. Bf2 Re7 35. Rd6 Bxf2 36. Kxf2 {KR-KR} Kb7 $2 (36... Ka5 $16) 37. Rh6 $18 Re4 $2 (37... Ka6 {keeps fighting.} 38. Rxc6+ (38. Rxh5 Rb7 $16) 38... Ka5) 38. Rxh5 {White is clearly winning.} Rxa4 (38... Kc8 $142 39. Kf3 Re8) 39. Kf3 Ra2 40. Rh7 Rxb2 41. Rxf7+ Kb6 42. f6 Rc2 43. Re7 Rxc3+ 44. Re3 Rc1 45. Kf2 Rc4 46. f7 {What a bad dream for Black.  Weighted Error Value: White=0.36/Black=0.55} 1-0

[Event "Montenegro Festival-01 IM 2021"]
[Site "Niksic"]
[Date "2021.02.28"]
[Round "5.5"]
[White "Tomic, Aleksandar"]
[Black "Miletic, Vuk"]
[Result "1-0"]
[WhiteElo "2339"]
[BlackElo "2157"]
[Annotator "TA"]
[PlyCount "123"]
[EventDate "2021.02.26"]
[EventType "tourn"]
[EventCountry "MNE"]
[SourceTitle "playchess.com"]
[Source "ChessBase"]
[SourceQuality "1"]

{[%evp 10,123,0,0,0,-21,-9,-6,-11,-3,-5,-21,0,0,0,-7,-7,-9,-14,-18,-14,-16,-5,-11,-8,-12,0,-22,-6,-11,-6,-9,-21,-9,0,0,0,-74,0,-112,0,0,0,-16,0,0,45,49,45,0,0,6,40,5,2,-63,-75,-71,-74,-65,-61,-94,225,-7,30,0,209,-26,96,94,108,110,110,98,84,0,0,0,72,84,606,606,585,549,683,621,683,669,642,602,595,594,594,594,594,594,592,587,587,585,585,585,566,566,513,493,702,702,5768,5631,5655,5655,5606,5325,5422,5283]} 1. b3 Nf6 2. Bb2 d5 3. e3 e6 4. f4 c5 5. Nf3 Bd6 6. Bb5+ Bd7 {A03: Bird's Opening with 1...d5.} 7. Bd3 Nc6 {[#]} 8. Ne5 $146 ({Predecessor:} 8. O-O O-O 9. Ne5 Re8 10. Ng4 Be7 11. f5 Nxg4 12. Qxg4 e5 13. Be2 Bf6 14. Nc3 {0-1 (31) Jonker,K (1002)-Gardiner,N (1279) Gauteng 2017}) 8... Qc7 {[%cal Rc6e5] The position is equal.} 9. Nxd7 Qxd7 10. O-O e5 11. Bb5 {Strongly threatening fxe5.} Qc7 12. Qf3 O-O 13. Bxc6 bxc6 14. d3 Nd7 15. c4 d4 16. Nd2 f5 17. exd4 exd4 18. b4 Rae8 19. bxc5 Bxc5 20. Nb3 Re3 21. Qd1 Qd6 22. Bc1 Re6 23. Qf3 (23. Nxc5 $11 Qxc5 24. Rb1) 23... Nf6 (23... Bb4 $1 $17 24. Bb2 Re3) 24. h3 (24. Bd2 $11 {remains equal.}) 24... Rfe8 (24... Bb4 $1 $17 25. Rb1 a5) 25. Bd2 $11 Bb6 26. a4 Nd7 27. a5 Bd8 (27... Bc5 $5) 28. c5 Qf8 29. Kh1 Bf6 ({But not} 29... Nxc5 $6 30. Bb4 $1 $16) 30. Ra4 Qf7 31. Rb4 Rb8 32. Qf2 ({Better is} 32. Nxd4 $11 Bxd4 33. Rxd4) 32... Rxb4 $15 33. Bxb4 Re3 34. Qc2 Qd5 35. Kh2 Qe6 $2 {[%mdl 8192]} (35... Bh4 $17) 36. Nd2 $2 (36. Bd2 $1 $18) 36... Bh4 37. Nf3 Bf6 {[#]} (37... Re2 $1 $11 38. Nxd4 {[%mdl 64] Double Attack} Rxc2 39. Nxe6 Bf6) 38. Rf2 $2 (38. Bd2 $1 $18) 38... h6 (38... Qd5 $11 {keeps the balance.}) 39. Bd2 $16 Re2 40. Rxe2 Qxe2 41. Qc4+ Kh7 42. Bc1 (42. Qf7 $16 Qe7 43. Qxe7 {[%mdl 64] Overworked Piece} Bxe7 44. Nxd4 {[%mdl 64] Double Attack}) 42... Qe7 $11 43. Nxd4 Bxd4 (43... Ne5 $1 $11 44. Nxf5 Nxc4 45. Nxe7 Nxa5) 44. Qxd4 $16 {Black is now going downhill.} Nxc5 $2 {[%mdl 8192] [#]} (44... Nf6 $16) 45. Qb4 $1 $18 {White is clearly winning.} Qd6 46. Ba3 h5 47. Qc4 Qxd3 48. Qxc5 {[%mdl 64] Double Attack} h4 49. Bc1 Qg3+ 50. Kh1 Qe1+ 51. Qg1 Qxa5 52. Be3 a6 53. Qf2 Qd8 54. Bb6 Qf6 55. Bd4 Qe7 56. Bc3 c5 57. Be1 Kg6 (57... Kh6 $142 58. Ba5 Kh7) 58. Qxh4 Qxh4 59. Bxh4 Kf7 60. Bf2 c4 61. Bd4 g6 62. Kg1 {Weighted Error Value: White=0.26/Black=0.55} 1-0

[Event "Montenegro Festival-01 IM 2021"]
[Site "Niksic"]
[Date "2021.03.01"]
[Round "6.1"]
[White "Nikcevic, Nebojsa"]
[Black "Miletic, Vuk"]
[Result "1/2-1/2"]
[WhiteElo "2412"]
[BlackElo "2157"]
[Annotator "TA"]
[PlyCount "128"]
[EventDate "2021.02.26"]
[EventType "tourn"]
[EventCountry "MNE"]
[SourceTitle "playchess.com"]
[Source "ChessBase"]
[SourceQuality "1"]

{[%evp 21,128,10,15,10,10,10,10,5,18,18,45,18,18,16,16,16,16,16,9,13,13,12,68,33,27,35,35,35,35,28,27,31,29,14,31,30,58,53,58,58,69,36,43,2,45,45,98,98,98,98,98,98,98,98,98,98,98,98,98,0,98,98,98,98,98,98,98,98,98,98,98,98,98,98,98,98,98,48,74,74,74,74,75,74,74,74,74,74,75,75,97,5,24,0,368,11,82,0,10,0,0,0,0,0,0,0,0,0,0]} 1. Nf3 Nf6 2. c4 e6 3. g3 d5 4. Bg2 Be7 5. d4 O-O 6. Nc3 dxc4 7. Ne5 Nc6 8. Bxc6 bxc6 9. Nxc6 Qe8 10. Nxe7+ Qxe7 11. Qa4 c5 12. Qxc4 {E06: Closed Catalan: Early deviations.} cxd4 13. Qxd4 e5 14. Qh4 h6 15. O-O {[#]} Bf5 $146 ({Predecessor:} 15... Bb7 16. Be3 Qe6 17. Qa4 Bc6 18. Qa6 Rfc8 19. f3 Rab8 20. Rab1 Nd5 21. Nxd5 Bxd5 22. Qxe6 Bxe6 {½-½ (30) Wang,Y (2679)-Wang,H (2710) Hangzhou 2018}) 16. e4 Be6 17. f3 Rfd8 18. g4 Rd3 19. Kg2 Rad8 20. h3 Qb4 21. Qf2 R8d7 (21... Nd7 $11) 22. Re1 Nh7 23. Be3 Nf8 24. Rad1 ({Wrong is} 24. Bxa7 $2 Rd2 $19) 24... Rxd1 25. Rxd1 Rxd1 26. Nxd1 Bxa2 27. Bxa7 Ne6 28. Be3 Bc4 29. Qd2 Qb3 30. h4 Bd3 31. Nf2 Ba6 32. Nh1 Qc4 {[#] Strongly threatening ...Qf1+.} (32... Qb5 $5 {[%cal Rb5f1]} 33. Ng3 Qc4 $14) 33. Ng3 Nf4+ (33... Kh7 $14) 34. Bxf4 $16 exf4 35. Qxf4 Qc2+ 36. Kh3 Qxb2 37. Qe3 Bc4 38. h5 Qc2 39. Qd4 Be6 40. Qe3 (40. Nf5 $16 Bxf5 41. exf5 (41. gxf5 Qc1 $11)) 40... Qd1 (40... Bc4 $1 $11) 41. Qe2 Qc1 42. Kg2 Bc4 43. Qf2 Qf4 44. Nf5 {Black must now prevent Qd4!} Be6 45. Qe3 Qb8 46. Ne7+ Kh8 47. Qa3 Qd8 48. Qb4 Kh7 49. e5 Qd3 50. Kg3 {And now Qb8 would win.} Qd8 51. Qd6 Qa8 52. Nc6 Qa1 53. Qd3+ Kh8 54. Qe3 Qa6 55. Nd4 Qb6 56. f4 ({Better is} 56. Qd3 $16) 56... Bd5 $11 57. f5 (57. Qd3 {looks sharper.} Kg8 58. Qc3 Bb7 59. Qe3 Qb2 60. Nf3) 57... Qc7 $2 {[%mdl 8192]} (57... Kh7 $11 {and Black stays safe.}) 58. Kf2 $2 ({White has to play} 58. f6 $18 {Nf5 is the strong threat.} Qb6 59. fxg7+ Kg8 60. g5 hxg5 61. Nf5) 58... Qd8 (58... Qc4 $1 $11 {keeps the balance.}) 59. e6 ({White should try} 59. f6 $16 Qb6 60. Ne2 (60. fxg7+ Kh7 $16)) 59... fxe6 {The position is equal.} 60. fxe6 {Threatens to win with e7.} Qh4+ {[%mdl 64] [#] Double Attack} 61. Qg3 Qf6+ 62. Ke3 {aiming for Qd6.} Bxe6 63. Qb8+ $1 Kh7 64. Qb1+ Kh8 {Weighted Error Value: White=0.24/Black=0.25} 1/2-1/2

[Event "Montenegro Festival-01 IM 2021"]
[Site "Niksic"]
[Date "2021.03.01"]
[Round "6.2"]
[White "Pecurica, Milos"]
[Black "Tomic, Aleksandar"]
[Result "1/2-1/2"]
[WhiteElo "2320"]
[BlackElo "2339"]
[Annotator "TA"]
[PlyCount "44"]
[EventDate "2021.02.26"]
[EventType "tourn"]
[EventCountry "MNE"]
[SourceTitle "playchess.com"]
[Source "ChessBase"]
[SourceQuality "1"]

{[%evp 11,44,30,40,44,65,54,44,45,51,48,70,62,83,44,87,91,160,154,158,154,155,137,133,119,163,127,123,92,79,-38,-18,-55,0,-8,4]} 1. c4 Nf6 2. Nc3 g6 3. e4 d6 4. d4 Bg7 5. h3 O-O 6. Be3 Na6 7. g4 {E71: King's Indian: 4 e4 d6 5 h3.} c5 8. Nge2 cxd4 9. Nxd4 {White is slightly better.} Nc5 10. Bg2 Nfd7 11. O-O Ne5 {[#]} 12. Qe2 $146 ({Predecessor:} 12. b3 Nc6 13. Nde2 Bd7 14. Qd2 Rc8 15. Rad1 Qa5 16. Bh6 Be6 17. Bxg7 Kxg7 18. Qb2 {1-0 (29) Studer,N (2579)-Sjugirov,S (2663) Chess.com INT 2021}) 12... Bd7 13. Rad1 Nc6 ({Black should play} 13... Ne6) 14. Nxc6 $16 bxc6 {[#]} 15. e5 $1 Qc7 16. Qd2 {[%cal Re5d6]} Nb7 {[#]} 17. exd6 exd6 18. c5 d5 19. Nxd5 cxd5 20. Bf4 ({White must play} 20. Qxd5 $16 Bc8 21. b4) 20... Qxc5 $15 {White must now prevent ...Be6.} 21. Rc1 Qb6 {...Be6 is the strong threat.} 22. Qxd5 Bb5 {Weighted Error Value: White=0.20/Black=0.22} 1/2-1/2

[Event "Montenegro Festival-01 IM 2021"]
[Site "Niksic"]
[Date "2021.03.01"]
[Round "6.3"]
[White "Klasan, Vladimir"]
[Black "Nikac, Predrag"]
[Result "1/2-1/2"]
[WhiteElo "2304"]
[BlackElo "2320"]
[Annotator "TA"]
[PlyCount "45"]
[EventDate "2021.02.26"]
[EventType "tourn"]
[EventCountry "MNE"]
[SourceTitle "playchess.com"]
[Source "ChessBase"]
[SourceQuality "1"]

{[%evp 14,45,14,0,0,0,11,0,45,16,45,44,43,39,46,44,103,105,102,74,97,68,65,60,51,47,39,39,43,35,44,33,63,40]} 1. e4 c5 2. Nf3 Nc6 3. Nc3 d6 4. d4 cxd4 5. Nxd4 e5 6. Nxc6 bxc6 7. Bc4 Nf6 8. Bg5 (8. O-O {looks sharper.} Be7 9. Bb3 O-O 10. Qe2 Rb8 11. Re1) 8... Be7 {B54: Sicilian: 2...d6 3 d4 cxd4 4 Nxd4, Unusual Lines .} 9. Qd3 h6 10. Bh4 O-O {The position is equal.} 11. O-O-O Ne8 12. Bxe7 Qxe7 {[#]} 13. Kb1 $146 ({Predecessor:} 13. Ne2 Qg5+ 14. f4 exf4 15. h4 Qe5 16. Rdf1 Rb8 17. Bb3 Nc7 18. Rxf4 Ba6 19. c4 {0-1 (58) Gong,Q (2374)-Moiseenko,A (2663) Beersheba 2005}) 13... Kh8 14. Rhf1 f5 ({Black should play} 14... Be6 $14) 15. f4 $16 fxe4 16. Qxe4 Bg4 17. Be2 Bxe2 {White is slightly better.} 18. Nxe2 Rc8 $1 19. fxe5 Nf6 $1 {[%cal Rf6e4]} 20. Qb4 {[#] Threatens to win with Nf4.} Qxe5 {Strongly threatening ...Rb8.} 21. Nf4 {And now Ng6+ would win.} Kh7 {White should prevent ...Rb8.} 22. Rfe1 ({But not} 22. Rxd6 $2 c5 $19) ({Much weaker is} 22. Qxd6 Qxd6 23. Rxd6 Nd5 $15) 22... Rb8 {[#]} 23. Qxb8 $1 {Weighted Error Value: White=0.04/Black=0.08} 1/2-1/2

[Event "Montenegro Festival-01 IM 2021"]
[Site "Niksic"]
[Date "2021.03.01"]
[Round "6.4"]
[White "Kovacevic, Nikola"]
[Black "Jelcic, Marko"]
[Result "1-0"]
[WhiteElo "2022"]
[BlackElo "2208"]
[Annotator "TA"]
[PlyCount "119"]
[EventDate "2021.02.26"]
[EventType "tourn"]
[EventCountry "MNE"]
[SourceTitle "playchess.com"]
[Source "ChessBase"]
[SourceQuality "1"]

{[%evp 20,119,-35,-61,-36,-67,-48,-45,15,0,19,-26,43,0,20,21,83,89,89,-8,41,23,20,0,6,2,18,22,208,64,68,67,62,60,78,50,95,69,77,24,83,79,121,117,115,112,228,225,202,31,16,16,16,19,62,62,57,66,72,68,101,108,226,219,184,179,209,191,283,183,191,181,186,156,164,156,163,102,445,445,423,408,29967,29968,29967,29968,29968,29967,29974,29974,29951,0,12711,6444,12584,5102,29984,29985,29985,29986,29985,29986]} 1. e4 c5 2. Nf3 g6 3. d3 Bg7 4. g3 Nc6 5. Bg2 d6 6. O-O h6 7. c3 e5 8. a4 Nge7 9. Re1 O-O 10. Nbd2 Be6 11. Nc4 Qc7 {A04: Unusual lines after 1 Nf3 and King's Indian Attack.} 12. Qe2 {[#]} b6 $146 ({Predecessor:} 12... Rfe8 13. Nfd2 Rad8 14. Ne3 d5 15. exd5 Nxd5 16. Ne4 Nce7 17. Nc4 f5 18. Ned2 Nc6 19. Nf3 {0-1 (62) Makhnyov,D (2379)-Jumabayev,R (2614) Almaty 2017}) 13. Ne3 d5 (13... Rad8 $15) 14. exd5 Nxd5 15. Nc4 {[%cal Rf3e5]} (15. Nxe5 $5 Qxe5 16. Nxd5 $11) 15... f6 (15... Rae8 $11) 16. Nh4 (16. d4 $5) 16... Kh7 17. f4 Rae8 (17... Rad8 $11 {keeps the balance.}) 18. f5 $16 gxf5 19. Qh5 (19. Bxd5 $16 Bxd5 20. Ne3 (20. Nxf5 Ne7 $14)) 19... Nde7 20. Ne3 {[%cal Re3f5]} Bf7 21. Qf3 f4 {[%cal Rf4e3]} 22. Nef5 Nxf5 23. Nxf5 e4 $2 (23... Na5 $11 {and Black stays safe.}) 24. dxe4 ({White should try} 24. Qxf4 $18 Qxf4 25. Bxf4) 24... fxg3 $1 $14 25. hxg3 $40 {[%mdl 128] White mounts an attack.} Ne5 26. Qf4 Bg6 27. Nxh6 Qd7 28. Qh4 Bxh6 29. Qxh6+ Kg8 30. Bf4 {aiming for Bxe5.} Kf7 {Threatens to win with ...Rh8.} 31. Bxe5 Rxe5 32. Rad1 Qc6 (32... Qg4 $16) 33. Bh3 $18 Rh5 34. Rd7+ $2 (34. Qf4 $1 $18 Rxh3 35. Rd6 {[%mdl 64] Double Attack}) 34... Qxd7 $14 {[#]} 35. Qxf8+ $1 Kxf8 36. Bxd7 {[%mdl 4096] Endgame KRB-KRB} Ke7 37. Bf5 {[%cal Rf5g6]} Be8 38. Kg2 a5 39. g4 $1 {[%cal Rg4h5]} Rh8 {[#]} 40. e5 $1 {[%cal Re5f6] Strongly threatening exf6+.} Bxa4 (40... Bf7 $16) 41. exf6+ $18 Kxf6 42. Re6+ {[%mdl 64] Double Attack} Kg5 43. Kg3 {[%csl Gf5][%cal Re6g6]} Rh6 (43... Be8 $142 44. Rxb6 Rh1) 44. Rxh6 Kxh6 {KB-KB} 45. Kf4 Be8 46. Ke5 Kg5 47. Kd6 {Black must now prevent Bd7.} a4 48. c4 (48. Bc8 $18) 48... Kf6 $2 {[%mdl 8192]} (48... b5 $16 {is more resistant.}) 49. Bd3 Kg5 50. Kc7 Kxg4 (50... Kf4 $18 51. g5 Ke3) 51. Kxb6 Kf4 52. Kxc5 Ke3 53. Bf5 Bf7 54. Bd7 Kd3 55. Bf5+ $2 (55. Bxa4 {mates} Bxc4 56. Bb5 Kc2 57. b4 Bf7 58. Ba4+ Kc3 59. b5 Be6 60. b6) 55... Kd2 $2 {[%mdl 8192] [#]} (55... Ke3 $11 56. Bc2 Be8) 56. Kb4 $1 Kc1 57. c5 Kxb2 58. c6 {White mates.} Bd5 59. c7 Bb7 60. Kxa4 {Weighted Error Value: White=0.29/Black=0.70} 1-0

[Event "Montenegro Festival-01 IM 2021"]
[Site "Niksic"]
[Date "2021.03.01"]
[Round "6.5"]
[White "Alivodic, Dario"]
[Black "Arapovic, Vitomir"]
[Result "1-0"]
[WhiteElo "2189"]
[BlackElo "2295"]
[Annotator "TA"]
[PlyCount "101"]
[EventDate "2021.02.26"]
[EventType "tourn"]
[EventCountry "MNE"]
[SourceTitle "playchess.com"]
[Source "ChessBase"]
[SourceQuality "1"]

{[%evp 12,101,18,16,23,0,0,0,12,10,20,-14,0,0,34,39,42,48,55,0,0,0,3,0,0,0,0,0,0,0,0,0,0,0,0,0,0,0,0,0,0,0,0,0,0,0,0,0,0,0,0,0,0,0,0,0,0,0,0,-14,0,0,0,0,0,0,0,0,0,0,46,27,552,527,535,542,470,379,562,552,477,560,525,509,542,507,2322,2033,6391,6383,12835,1689]} 1. d4 d6 2. c4 e5 3. e3 Nc6 4. Nc3 g6 5. Nf3 Bg7 6. Be2 exd4 7. exd4 Nge7 {A25: English Opening vs King's Indian with ...Nc6 but without early d3.} 8. Bf4 O-O 9. O-O {[#]} h6 $146 {The position is equal.} ({Predecessor:} 9... Nf5 10. Bg5 f6 11. Bc1 Bd7 12. b3 a6 13. Re1 Re8 14. Bb2 Rc8 15. Qd3 Nb4 16. Qd2 Qe7 17. d5 a5 18. c5 dxc5 19. a3 Na6 20. Bxa6 {1-0 (20) Kolanek,R (1859)-Lenz,J (1087) LSS email 2014}) 10. d5 Ne5 11. Qb3 Nxf3+ 12. Bxf3 g5 13. Bd2 Nf5 14. Ne2 Nh4 15. Bc3 ({White should play} 15. Bh5 $14) 15... Nxf3+ $11 16. gxf3 Bf5 17. Bxg7 Kxg7 18. Ng3 Bg6 19. Rfe1 b6 20. Re3 Re8 21. Rae1 Rxe3 22. Qxe3 Qf6 23. b3 a5 24. a4 Rf8 25. Ne2 Bf5 26. Ng3 {Black must now prevent Nh5+.} Bg6 27. Kg2 Rc8 (27... Rh8 {keeps more tension.} 28. Ne2 Rc8 29. Nd4 h5 30. Qd2 Rg8) 28. Ne2 Bf5 29. Ng3 {Nh5+ is the strong threat.} Bg6 30. Ne2 {[%cal Bg3e2,Be2d4,Bd4f5][%mdl 32]} Bf5 31. Nd4 Bd7 {Hoping for ...Re8.} 32. Qd3 (32. Qc3 {is more complex.} Kg8 33. Re4 Re8 34. Rxe8+ Bxe8 35. Nb5) 32... Re8 (32... Kf8 {seems wilder.} 33. Re4 Re8 34. Nb5 Bf5 35. Qd4 Qxd4 36. Rxe8+ Kxe8 37. Nxd4 Bd7) 33. Rxe8 Bxe8 34. Nf5+ Kf8 35. Ng3 Qg6 36. Qd4 Qg7 37. Qg4 Qe5 38. Qc8 Qe7 39. Qh3 Qf6 40. Ne4 Qg6 41. Qc8 $36 {[%mdl 2048] White is more active.} g4 $2 {[%mdl 8192] Black cannot hold the game after this.} (41... f5 $1 $11 {and Black stays safe.} 42. Nc3 g4) 42. Qxc7 $18 {[%mdl 64] [#] Double Attack} gxf3+ 43. Kxf3 Qh5+ 44. Kg2 Qg6+ {[#]} (44... Qe5 $142) 45. Ng3 $1 {White is clearly winning.} h5 {intending ...h4.} 46. h4 f5 {Threatening ...f4.} 47. f4 Qf6 48. Qxb6 Qxh4 (48... Ke7 $142 49. c5 dxc5 50. Qxc5+ Kf7 51. Qxa5 Qb2+ 52. Kh3 Qxb3 53. Qc7+ Kg8) 49. Qxd6+ Kg8 50. Qe6+ {[%mdl 64] Double Attack} Bf7 51. Qxf5 {Weighted Error Value: White=0.06/Black=0.30} (51. Qc8+ $142 Kh7 52. Qxf5+ Kg8 53. d6) 1-0